000 00859nam a2200289Ia 4500
003 OSt
005 20221007081636.0
006 a|||||r|||| 00| 0
007 ta
008 221006b |||||||| |||| 00| 0 eng d
020 _a9781849465557
024 _a45,065
037 _cTextual
040 _aFLL
_cFLL
_beng
041 _2eng
_aeng
082 _aZ3,4y7, Q5
100 _aHOWARTH David
245 0 _aHepple and mathews' Tort law
_b Cases and materials
250 _a7th
260 _aOregon
_bhart Publishing UK
_c2015
300 _ali,1188p.
_ccm.
700 _a MATTHEWS Martin
_9696710
700 _a MORGAN Jonathan
_9697758
700 _a O'SULLIVAN Janet
_9461713
942 _hZ3,4y7, Q5
_cTEXL
_2CC
999 _c1163800
_d1163800